Sports In The 2028 Olympics - Statistics

General Stats
  • This quiz has been taken 45 times
    41 since last reset
  • The average score is 23 of 61
Answer Stats
Answer % Correct
Swimming
79%
100m
71%
Basketball
71%
Tennis
68%
200m
66%
Water Polo
63%
400m
61%
Baseball
61%
Diving
58%
Marathon
58%
800m
53%
Long Jump
53%
Rugby
53%
Cricket
50%
Volleyball
50%
Shot put
47%
Handball
45%
High Jump
45%
Judo
45%
Rowing
45%
Table Tennis
45%
1500m
42%
Archery
42%
Badminton
42%
Cycling
42%
Surfing
42%
Boxing
39%
Flag Football
39%
Sailing
39%
Skateboarding
39%
Wrestling
39%
Fencing
37%
Shooting
37%
Equestrian
34%
Golf
34%
Gymnastics
34%
Pole Vault
34%
Softball
34%
Weightlifting
34%
Canoeing
32%
10,000m
29%
5000m
29%
Triathlon
29%
Triple Jump
29%
Lacrosse
26%
Squash
26%
Taekwondo
26%
Javelin Throw
24%
110m Hurdles
21%
Climbing
21%
Field Hockey
21%
Hammer Throw
21%
Pentathlon
21%
BMX
18%
4x100m Relay
16%
400m Hurdles
13%
3x3 Basketball
11%
Mountain Biking
11%
20km Speedwalking
0%
3000m Steeplchase
0%
Beach Vollyball
0%
No matching quizzes found
Score Distribution
Percent of People with Each Score
Percentile by Number Answered
Your Score History
You have not taken this quiz since the last reset